LEADER 02218nam0 2200529 i 450 001 UBO0990071 005 20251003044419.0 010 $a8815074228 020 $aIT$b2000-11560 100 $a20160121d2000 ||||0itac50 ba 101 | $aita 102 $ait 181 1$6z01$ai $bxxxe 182 1$6z01$an 183 1$6z01$anc$2RDAcarrier 200 1 $aImprenditori e imprese$eidee, piani, processi$fa cura di Andrea Lipparini e Gianni Lorenzoni 210 $aBologna$cIl mulino$d\2000! 215 $a294 p.$d24 cm. 225 | $aStrumenti$i. Economia 410 0$1001CFI0011208$12001 $aStrumenti$i. Economia 606 $aImprese$xDiritto$2FIR$3CFIC003604$9I 606 $aImprese$xEconomia$2FIR$3SBLC131351$9I 606 $aImprenditori$2FIR$3CFIC020478$9E 606 $aPiccole imprese$xGestione$2FIR$3CFIC003397$9E 606 $aMedie imprese$xGestione$2FIR$3CFIC073114$9I 676 $a338$9PRODUZIONE$v21 676 $a658.02$9GESTIONE GENERALE. PICCOLE IMPRESE$v14 676 $a658.022$9GESTIONE DI PICCOLE IMPRESE$v21 686 $aHD 7102.I8$c$2C 696 $aAspetti giuridici 696 $aEconomia reale$aAttivitą economiche$aAspetti economici 699 $aDiritto$zAspetti giuridici 699 $aEconomia$yEconomia reale 699 $aEconomia$zAttivitą economiche 699 $aEconomia$zAspetti economici 702 1$aLorenzoni$b, Gianni$f <1938- >$3CFIV054642 702 1$aLipparini$b, Andrea$3CFIV151795 801 3$aIT$bIT-000000$c20160121 850 $aIT-BN0095 $aIT-NA0457 $aIT-AV0045 901 $bNAP MV$cP $nSALA BIBLIOGRAFIA 901 $bNAP BI$cSALA 5 $nLibri da 4151 in poi 901 $bNAP 01$cPOZZO LIB.$nVi sono collocati fondi di economia, periodici di ingegneria e scienze, periodici di economia e statistica e altri fondi comprendenti documenti di economia pervenuti in dono. 912 $aUBO0990071 950 0$aBiblioteca Centralizzata di Ateneo$c1 v.$d 01POZZO LIB.ECON MON 5718$e 0101 0000280995E VMA 1 v.$fB $h20210408$i20210408 977 $a 01$a BI$a MV 996 $aImprenditori e imprese$965605 997 $aUNISANNIO